Celeb Partners - Statistics

General Stats
  • This quiz has been taken 23 times
  • The average score is 22 of 52
Answer Stats
celeb what they known for Parter % Correct
Beyonce Crazy in love Jay z
100%
Jessica Biel Trolls, Part of N'sync Justin Timberlake
84%
Meghan Markle Royalty Prince Harry
84%
Kate Middleton royalty Prince William
84%
Victoria Beckham football player David Beckham
79%
Blake Lively deadpool, gossip gir Ryan Reynolds
79%
Jada Pinkett i am legend, men in black Will Smith
79%
Catherine Zeta Jones son of kirk douglas Michael Douglas
74%
Katherine Schwarzenegger guardians of the galaxy Chris Pratt
68%
Chrissy Teigen all of me John Legend
68%
Kelly Preston grease john Travolta
68%
Nicole Kidman Nine Perfect strangers, Moulin Rouge Keith Urban
68%
Sharon Osbourne crazy dude Ozzy Osbourne
68%
Goldie Hawn The Christmas chronicles Kurt Russell
63%
Priyanka Chopra part of the jonas brothers Nick Jonas
63%
Eva Mendes the notebook Ryan Gosling
63%
Rachel Weisz James Bond, knives out Daniel Craig
58%
Rita Wilson forest gump, toy story Tom Hanks
58%
Zendaya spiderman far from home Tom Holland
58%
Emily Blunt A Quiet Place John Krasinski
53%
Elsa Pataky thor Chris Hemsworth
47%
Deborah Lee Furness x men, the greatest showman Hugh Jackman
47%
Penelope Cruz Pirates of the Caribbean Javier Bardem
47%
Sophie Turner part of the jonas brothers Joe Jonas
47%
Sarah Jessica Parker ferris buellers day off Matthew Broderick
47%
Isla Fisher Borat Sacha Baron Cohen
47%
Camila Cabello stitches singer Shawn Mendes
47%
Jamie lee Curtis Prince humperdink princess bride Christopher Guest
37%
Lisa Bonet aquaman Jason Mamoa
37%
Danielle Jonas part of the jonas brothers Kevin Jonas
32%
David Burtka how i met your mother Neil Patrick Harris
32%
Lucy Boynton Bohemian Rhapsody Rami Malek
32%
Kristen Bell frozen, the good place Dax Shepherd
21%
Phoebe Dynevor Bridgerton and Ariana's ex Pete Davidson
21%
Anna Paquin True Blood Stephen Moyer
21%
Leighton Meester gossip girl, the OC Adam Brody
16%
Ariana Grande God is a woman singer Dalton Gomez
16%
Katherine McPhee David Foster
16%
Sofia Vegara True blood Alcide Joe manganiello
16%
Ginnifer Goodwin Once upon a time, Manifest Josh Dallas
16%
Jodie Turner smith Fringe, dr death, Dawson's creek Joshua Jackson
16%
Carey Mulligan part of mumford and sons Marcus Mumford
16%
Eliza Taylor the 100, Bellamy Blake Bob Morley
11%
Jamie Chung Bryan Greenberg
11%
Melissa Benoist supergirl, vampire diaries Kai Chris wood
11%
Sarah Michelle gellar Buffy, she's all that Freddie Prince Jr
11%
Taylor Swift the favourite, billy lynn's half time walk Joe alwyn
11%
Troian Bellisario Suits and Pretty Little liars Patrick J adams
11%
Cobie Smulders Taran Killam
11%
Meghan Oppenheimer Lucifer, Miranda Tom Ellis
11%
Caitriona Balfe Tony Mcgill
11%
Portia de Rossi talk show host Ellen Degenres
0%
No matching quizzes found
Score Distribution
Percent of People with Each Score
Percentile by Number Answered
Your Score History
You have not taken this quiz